000 00318nam a22001337a 4500
008 170504b xxu||||| |||| 00| 0 eng d
020 _a9780314923080
041 _aeng
080 _a347
100 _a14
101 _aSHJ
245 _aFEDRAL CIVIL JUDICAL PROCEDURE AND RULE
_cCPLSON.D.C
942 _2udc
_cBK
999 _c12715
_d12715